Manuale di contabilità di stato /
Guardado en:
| Autor Principal: | |
|---|---|
| Formato: | Libro |
| Idioma: | Spanish |
| Publicado: |
Napoli :
Jovene editore,
1977
|
| Edición: | 8º ed. |
| Etiquetas: |
Agregar Etiqueta
Sin Etiquetas, Sea el primero en etiquetar este registro!
|
| LEADER | 00365nam a22001215a 4500 | ||
|---|---|---|---|
| 001 | DER.der001425 | ||
| 005 | 20060428000000.0 | ||
| 008 | 180615s1977####||||||||||||||||||||spa|| | ||
| 100 | 1 | |a Bennati, Antonio | |
| 245 | 1 | 0 | |a Manuale di contabilità di stato / |c Antonio Bennati |
| 250 | |a 8º ed. | ||
| 260 | |a Napoli : |b Jovene editore, |c 1977 | ||
| 859 | |a DERECHO |b BIB. DERECHO |h 332.2 |i BEN |p 003500 | ||
